Satellite projects handbook / (Record no. 182621)
[ view plain ]
| 000 -LEADER | |
|---|---|
| fixed length control field | 01181 a2200229 4500 |
| 003 - CONTROL NUMBER IDENTIFIER | |
| control field | Nust |
| 005 - DATE AND TIME OF LATEST TRANSACTION | |
| control field | 20170207153246.0 |
| 010 ## - LIBRARY OF CONGRESS CONTROL NUMBER | |
| LC control number | 95042942 |
| 020 ## - INTERNATIONAL STANDARD BOOK NUMBER | |
| International Standard Book Number | 075062406X (pbk.) |
| 040 ## - CATALOGING SOURCE | |
| Transcribing agency | Nust |
| 082 00 - DEWEY DECIMAL CLASSIFICATION NUMBER | |
| Classification number | 621.3825 |
| 100 1# - MAIN ENTRY--PERSONAL NAME | |
| Personal name | Harris, L. |
| 245 10 - TITLE STATEMENT | |
| Title | Satellite projects handbook / |
| Statement of responsibility, etc. | Lawrence Harris. |
| 260 ## - PUBLICATION, DISTRIBUTION, ETC. | |
| Place of publication, distribution, etc. | Oxford ; |
| -- | Boston : |
| Name of publisher, distributor, etc. | Newnes, |
| Date of publication, distribution, etc. | 1996. |
| 300 ## - PHYSICAL DESCRIPTION | |
| Extent | xii, 173 p. : |
| Other physical details | ill., map ; |
| Dimensions | 24 cm. |
| 500 ## - GENERAL NOTE | |
| General note | Includes index. |
| 505 ## - FORMATTED CONTENTS NOTE | |
| Formatted contents note | Operations with UK-5, and IRAS (Page-1) Select Your Satellites (Page-13) Weather Satellites (Page-25) Weather and Resources Satellite Systems (Page-39) Geostationary Weather Satellites: Meteosat, Goes, GSM, Goms, Fengyun (Page-57) The Start of Ground Station (Page-79) Weather Satellite Equipment (Page-87) Decoding the Image (Page-103) Projects with weather satellites (Page-118) Sleuthing (Page-129) Late-Breaking news from NOAA, GOES, GSM and GOMS (Page-133) |
| 538 ## - SYSTEM DETAILS NOTE | |
| System details note | Almirah No.38 Shelf No.4 |
| 650 #0 - SUBJECT ADDED ENTRY--TOPICAL TERM | |
| Topical term or geographic name entry element | Telecommunication engineering |
| 856 42 - ELECTRONIC LOCATION AND ACCESS | |
| Materials specified | Publisher description |
| Uniform Resource Identifier | <a href="http://www.loc.gov/catdir/description/els032/95042942.html">http://www.loc.gov/catdir/description/els032/95042942.html</a> |
| 856 42 - ELECTRONIC LOCATION AND ACCESS | |
| Materials specified | Table of contents |
| Uniform Resource Identifier | <a href="http://www.loc.gov/catdir/toc/els032/95042942.html">http://www.loc.gov/catdir/toc/els032/95042942.html</a> |
| 942 ## - ADDED ENTRY ELEMENTS (KOHA) | |
| Source of classification or shelving scheme | |
| Koha item type | Book |
| Withdrawn status | Lost status | Source of classification or shelving scheme | Damaged status | Not for loan | Permanent Location | Current Location | Shelving location | Date acquired | Full call number | Barcode | Date last seen | Price effective from | Koha item type | Public note |
|---|---|---|---|---|---|---|---|---|---|---|---|---|---|---|
| Military College of Signals (MCS) | Military College of Signals (MCS) | General Stacks | 12/12/2016 | 621.3825,HAR | MCS28509 | 12/08/2016 | 12/12/2016 | Book | Almirah No.37, Shelf No.6 |
